[Event "St Petersburg-ch"]
[Site "St Petersburg"]
[Date "2001.04.21"]
[Round "11"]
[White "Sivokho, Sergey V"]
[Black "Popov, Valerij"]
[Result "0-1"]
[WhiteElo "2476"]
[BlackElo "2545"]
[Annotator "Rogozenco,D"]
[PlyCount "52"]
[EventDate "2001.04.10"]
[EventType "tourn"]
[EventRounds "11"]
[EventCountry "RUS"]
[EventCategory "9"]
[SourceTitle "CBM 083"]
[Source "ChessBase"]
[SourceDate "2001.07.05"]
[SourceVersion "1"]
[SourceVersionDate "2001.07.05"]
[SourceQuality "1"]

1. e4 c5 2. c3 d5 3. exd5 Qxd5 4. d4 Nf6 5. Nf3 Bg4 6. Be2 e6 7. h3 Bh5 8. Be3
cxd4 9. cxd4 Nc6 10. Nc3 Qd6 11. g4 (11. O-O Be7 12. g4 Bg6 13. Ne5 O-O {
- 11.g4. Most of the games given below had different move order at the
beginning (usually White plays Be3 and g4 later, after 0-0).}) 11... Bg6 12.
Ne5 Be7 13. O-O O-O 14. Bf4 (14. Nb5 Qd8 15. Bf3 Nd5 16. Qb3 Nxe5 17. dxe5 Nxe3
18. Qxe3 Bg5 $15 {0-1 Booij,J-Belikov,V/Alcobendas 1993/ (29)}) (14. f4 Nd5 15.
Nxd5 Qxd5 16. Nxg6 hxg6 17. Bf3 Qb5 18. Qb3 Qxb3 19. axb3 Rfd8 $15 {0-1
Seferjan,N-Shipov,S/Moscow 1994 (37)}) 14... Nd5 {This move looks like a
proper reaction to White's kingside activity.} (14... Qb4 {The tactical
complications favoured rather White in the following game:} 15. a3 $1 (15. Nc4
Nd5 16. Nxd5 {0-1 Booij,J-Belikov,V/Alcobendas 1993 (29)}) 15... Qxb2 16. Na4
Qc2 17. Nxg6 Qxg6 18. Bd3 Ne4 19. f3 Qf6 20. fxe4 Qxd4+ 21. Kh2 Rad8 22. Bb5
Qxe4 23. Nc3 Qg6 24. Qb1 {1/2-1/2 Waitzkin,J-Nunn,J/San Francisco 1995 (59)}) (
14... Qd8 15. Bf3 Rc8 16. Nxg6 hxg6 17. Be3 Bd6 (17... Qd7 18. g5 Nh7 19. h4
Rfd8 20. d5 Ne5 $13 {0-1 Trabert,B-De Bortoli,P/Montecatini Terme 1999 (32)})
18. g5 Nd7 19. d5 {White is slightly better, but very close to draw, Adams,
M-Topalov,V/Las Palmas 1994 (61) 0,5:0,5.}) 15. Nxg6 $2 (15. Bg3 Nxc3 16. bxc3
Nxe5 17. Bxe5 Qa3 (17... Qc6 $5) 18. Qb3 Rac8 $11 {1/2-1/2 Wunnink,M-Dzjuba,V/
Tallinn 2000 (67)}) 15... Nxf4 16. Nxf8 Nxd4 $5 (16... Nxh3+ 17. Kg2 $2 (17.
Kh1 $142 Rxf8 $36) 17... Nf4+ 18. Kg1 Rxf8 $17 {0-1 Maruninio,L-Fiorito,F/
Buenos Aires 1998 (25)}) 17. Bf3 (17. Nxe6 $6 fxe6 18. Bf3 Nxh3+ 19. Kg2 (19.
Kh1 Qf4 $19 {[%cal Ge7d6]}) 19... Nf4+ 20. Kg1 (20. Kh1 e5 $17 (20... Rf8 $5
$40)) 20... Rf8 {with a strong attack}) (17. Nxh7 $6 {A computer move, which
would hardly cross human's mind} Qc6 (17... Ndxe2+ $6 18. Nxe2 Qxd1 19. Rfxd1
Nxe2+ 20. Kf1 Nf4 21. Rd7 $132) 18. f3 Nfxe2+ 19. Nxe2 Nxf3+ 20. Kf2 (20. Rxf3
Qxf3 $19) 20... Nh2 $40) 17... Nxh3+ 18. Kh1 (18. Kg2 Nf4+ 19. Kg1 Rxf8 $17 {
[%csl Rg1]}) 18... Rxf8 19. Bxb7 Rb8 20. Bg2 Qf4 $19 21. Qc1 (21. Bxh3 Bd6 {
mating next move.}) 21... Nxf2+ 22. Kg1 Nf3+ $1 23. Kxf2 (23. Bxf3 Qg3+ 24. Bg2
Nh3+ 25. Kh1 Bd6 $19) 23... Bc5+ 24. Ke2 Rxb2+ 25. Qxb2 Qe3+ 26. Kd1 Qd3+ (
26... Qd3+ 27. Kc1 Be3+) 0-1

[Event "Dubai op"]
[Site "Dubai"]
[Date "2001.04.18"]
[Round "4"]
[White "Sveshnikov, Evgeny"]
[Black "Filippov, Valerij"]
[Result "1/2-1/2"]
[WhiteElo "2571"]
[BlackElo "2632"]
[Annotator "Rogozenco,D"]
[PlyCount "56"]
[EventDate "2001.04.15"]
[EventType "swiss"]
[EventRounds "9"]
[EventCountry "UAE"]
[SourceTitle "CBM 083"]
[Source "ChessBase"]
[SourceDate "2001.07.05"]
[SourceVersion "1"]
[SourceVersionDate "2001.07.05"]
[SourceQuality "1"]

1. e4 c5 2. c3 Nf6 3. e5 Nd5 4. Nf3 Nc6 5. d4 cxd4 6. cxd4 d6 7. Nc3 {A line
which leads to an endgame very close to equal. But Black needs to play several
precise move to achieve full equality. However, the present game is quite
unclear, as White was winning very soon.} (7. Bc4) 7... dxe5 8. dxe5 Nxc3 9.
Qxd8+ Nxd8 10. bxc3 Bd7 (10... g6 11. Nd4 f6 $2 (11... Bg7) 12. exf6 exf6 13.
Bc4 Bd6 14. O-O a6 15. Bh6 b5 16. Bb3 Kd7 17. Bg7 Re8 18. Bxf6 Bb7 19. Rfd1 Kc7
20. Bxd8+ {1-0 Sveshnikov,E-Smetankin,S/Minsk 2000}) 11. Be3 (11. Nd4 Rc8 (
11... Nc6 12. Rb1 O-O-O 13. e6 $5 fxe6 14. Bf4 $44) 12. Be3 a6 13. Kd2 e6 14.
f4 Bc5 15. Bd3 O-O 16. Rab1 f6 $11 {1/2-1/2 Sveshnikov,E-Lanka,Z/Bratislava
1996 (30)}) 11... Nc6 (11... g6 $142 $11) (11... e6 $142 $11) 12. Rb1 O-O-O 13.
Bb5 $14 {White has a lead in development and he can develop pressure on the
queenside. Black has a solid position though and should be able to defend, but
a very unpleasant task anyway.} Bf5 $2 (13... e6 14. O-O $14 (14. Bxc6 $6 Bxc6
15. Bxa7 Rd3 $132)) 14. Rb2 e6 (14... Be4 15. Ng5 Bg6 16. Bxc6 bxc6 17. e6 $18
{[%csl Rf8,Rh8]}) 15. Bxc6 bxc6 16. Nd4 (16. Bxa7 Ba3 17. Rb8+ (17. Rb3 Bc2)
17... Kc7 18. Rb3 Bc2 19. Bb6+ Kb7 20. Bxd8+ Bxb3 21. axb3 Rxd8 22. Ke2 Bb2 23.
c4 $16) 16... Be4 17. f3 Bd5 18. c4 c5 (18... Bxc4 19. Nxc6 Rd3 20. Nxa7+ Kd7
21. Kf2 $18) 19. cxd5 (19. Bg5 cxd4 (19... Rd7 20. cxd5 cxd4 21. d6 $18)) 19...
cxd4 20. Bxd4 Rxd5 21. Bxa7 Rxe5+ 22. Kd2 Rd5+ 23. Ke2 Re5+ 24. Kd3 Rd5+ 25.
Ke3 Bd6 $4 (25... Re5+ 26. Kf4 Bd6 {was the only way not to lose immediately.}
27. Kg4 $16 {/+-. White king escapes and the initiative against black king
becomes very dangerous again.}) 26. Rhb1 (26. Rc1+ Bc7 27. Rb8+ $18) 26... Kd7
27. Rb7+ Kc6 28. Rxf7 Rb5 {Difficult to understand what really happened. Here
Black is absolutely lost, so the result remains unclear.} (28... Rb5 29. Rc1+
Bc5+ (29... Kd5 30. Rd7 $18) 30. Bxc5 Rxc5 31. Rxc5+ Kxc5 32. Rxg7 $18) 1/2-1/2

[Event "POL-ch 58th"]
[Site "Warsaw"]
[Date "2001.03.24"]
[Round "7"]
[White "Gajewski, Grzegorz"]
[Black "Kuczynski, Robert"]
[Result "1-0"]
[WhiteElo "2344"]
[BlackElo "2499"]
[Annotator "Rogozenco,D"]
[PlyCount "59"]
[EventDate "2001.03.18"]
[EventType "tourn"]
[EventRounds "13"]
[EventCountry "POL"]
[EventCategory "11"]
[SourceTitle "CBM 082"]
[Source "ChessBase"]
[SourceDate "2001.05.17"]
[SourceVersion "1"]
[SourceVersionDate "2001.05.17"]
[SourceQuality "1"]

1. e4 c5 2. c3 Nf6 3. e5 Nd5 4. Nf3 Nc6 5. Bc4 Nb6 6. Bb3 c4 (6... d5) 7. Bc2
d6 (7... Qc7 {is an attractive alternative. The famous example from the last
year is:} 8. Qe2 g5 9. e6 dxe6 10. Nxg5 Qe5 11. d4 cxd3 12. Bxd3 Qxe2+ 13. Bxe2
h6 14. Ne4 e5 15. Na3 f5 16. Bh5+ Kd8 17. Ng3 e6 18. Nc2 Bd6 $15 {0-1
Ponomariov,R-Van Wely,L/Biel 2000/ (78)}) 8. exd6 Qxd6 9. O-O Bg4 10. Re1 e6 (
10... Ne5 11. Rxe5 Bxf3 12. Qe1 Bd5 13. b3 e6 14. Ba3 Qc6 15. Bxf8 Kxf8 16. Rg5
f6 17. Rg3 h5 18. Na3 $13 {1-0 Adams,M-Miladinovic,I/Belgrade 1995/ (43)}) 11.
b3 Be7 (11... Ne5 12. Rxe5 Bxf3 13. Qe1 Bd5 {would have led to the above
mentioned game Adams,M-Miladinovic,I/Belgrade 1995/.}) 12. bxc4 Nxc4 13. d4 Nb6
(13... O-O $1 14. Bxh7+ (14. Qd3 Bf5 15. Qxc4 Bxc2 $11) 14... Kxh7 15. Qd3+ g6
16. Qxc4 Bxf3 17. gxf3 Rh8 18. Nd2 Kg7 19. Nf1 Rh3 $44) 14. Nbd2 Qc7 (14... O-O
{If short castle on the previous move was connected with some concrete lines,
here this looked natural and there was no point to postpone it.} 15. h3 Bh5 $13
{and the idea from the game doesn't work now:} 16. Bxh7+ $2 Kxh7 17. Ng5+ Bxg5
18. Qxh5+ Bh6 19. Ne4 Qe7 20. g4 f6 21. g5 fxg5 22. Nxg5+ Kg8 23. Nxe6 Bxc1 24.
Raxc1 Qf7 $19) 15. Nf1 O-O 16. Ne3 Bh5 $2 (16... Bxf3 17. Qxf3 $14 Nxd4 $2 18.
cxd4 Qc3 19. Rd1 Qxa1 20. Ba3 Qxa2 21. Bxe7 $16) 17. Bxh7+ $1 {[%mdl 64]} Kh8 (
17... Kxh7 18. Ng5+ Bxg5 (18... Kg6 19. Qd3+ f5 20. Nxe6 Qd6 21. Nxf8+ Rxf8 22.
g4 $18) 19. Qxh5+ Bh6 20. Ng4 Rh8 {What else?} 21. Nxh6 $1 ({much better than} 
21. Bxh6 Kg8 22. Nf6+ Kf8 23. Qc5+ Qe7) 21... gxh6 22. Bxh6 $18 {[%cal Ge1e3,
Ge3g3,Yh6f4]}) 18. Bd3 f5 19. Nf1 $18 Nd5 20. Bd2 Rf6 21. Ng3 Bxf3 22. Qxf3
Raf8 23. Bc4 Qd7 24. Nh5 R6f7 (24... Rg6 25. Bxd5 exd5 26. Nf4 Rd6 27. Ng6+ {
the quickest way} Rxg6 28. Qh5+ Rh6 29. Bxh6 gxh6 30. Qxh6+ Kg8 31. Qg6+ Kh8
32. Re3 $18) 25. Bxd5 exd5 26. Nf4 Rd8 27. Qh5+ Kg8 28. Ng6 Rf6 29. Bg5 Re6 30.
Bxe7 1-0

[Event "Linklater Memorial"]
[Site "San Francisco"]
[Date "2001.03.08"]
[Round "11"]
[White "Altounian, Levon"]
[Black "Wojtkiewicz, Aleksander"]
[Result "0-1"]
[WhiteElo "2441"]
[BlackElo "2572"]
[Annotator "Rogozenco,D"]
[PlyCount "88"]
[EventDate "2001.02.26"]
[EventType "tourn"]
[EventRounds "10"]
[EventCountry "USA"]
[EventCategory "8"]
[SourceTitle "CBM 082"]
[Source "ChessBase"]
[SourceDate "2001.05.17"]
[SourceVersion "1"]
[SourceVersionDate "2001.05.17"]
[SourceQuality "1"]

1. e4 c5 2. c3 Nf6 3. e5 Nd5 4. Nf3 Nc6 5. Bc4 e6 6. O-O d6 7. d4 cxd4 8. cxd4
Be7 9. exd6 Qxd6 10. Nc3 O-O {Another option in this position is taking on c3.
Here are two recent examples which show the advantages and drawbacks of 10. ...
Nxc3:} (10... Nxc3 11. bxc3 O-O 12. Qe2 (12. Re1 b6 13. Ng5 Na5 $2 (13... h6)
14. Bd3 h6 (14... g6 15. Nxh7 $1 Kxh7 16. Qh5+ Kg8 17. Bxg6 fxg6 18. Qxg6+ Kh8
19. Re3 e5 20. Qh5+ Kg7 21. Rg3+ Kf6 22. Qg6#) (14... Bxg5 15. Bxg5 Bb7 $16)
15. Qh5 $1 f5 $8 (15... Bxg5 16. Bxg5 {and Bxh6 will follow with winning
attack.}) 16. Nf3 Bf6 17. Ne5 Bb7 18. Qg6 $16 Rac8 $2 19. Bxh6 Rxc3 20. Bxf5 {
1-0 Ekstroem,R-Kutuzovic,B/Pula 2000}) 12... b6 13. Qe4 Bb7 14. Bd3 g6 15. Qe3
Rfe8 16. Bb2 Bf6 17. Rfd1 e5 18. dxe5 $6 Nxe5 19. Be4 Qc7 20. Bxb7 Qxb7 21.
Nxe5 Rxe5 $17 {0-1 Kos,T-Degraeve,J/Charleville 2000/ (60)}) 11. Re1 Rd8 12.
Bb3 Nf6 13. Nb5 Qd7 14. Bf4 a6 (14... Ne8 15. Ng5 Nxd4 (15... h6 16. Nxf7 Kxf7
17. Bxe6+ Qxe6 18. Rxe6 Bxe6 $17) 16. Nxd4 Qxd4 17. Qh5 Bxg5 18. Bxg5 Nf6 19.
Qf3 Rd7 20. h3 $44 {1-0 Ristic,N-Borgo,G/Cutro 2000/ (55)}) 15. Nc7 Ra7 16. d5
exd5 17. Rc1 {A complicated and risky variation for Black. White is very
active.} h6 $146 (17... Bf8 18. Ne5 Qxc7 $2 (18... Qf5 19. Bg3 Ne4 (19... Bd6
20. Nxd5 Nxd5 21. Nxc6 bxc6 22. Bxd6 $18) 20. Bc2 $36) 19. Nxc6 Qxf4 20. Nxd8
Bg4 21. f3 $18 {1-0 Rausis,I-Lechtynsky,J/Osterskars 1995/ (31)}) 18. Ne5 Qf5
19. Bg3 Bd6 20. Bc2 (20. Nxd5 $1 Nxd5 21. Nxc6 bxc6 22. Bxd6 Nb4 $1 {White is
clear better but Black can still play for some tricks.} (22... Nf4 23. Bc2 $16
{/+-.}) (22... Rad7 23. Bc2 $16) 23. Re2 $5) 20... Qg5 21. h4 $2 (21. Nf3 Bg4
$5 (21... Qh5 22. Bxd6 Rxd6 23. Ne8 $1 $16) 22. Nxg5 Bxd1 23. Rcxd1 Bxg3 24.
hxg3 hxg5 25. Nxd5 Raa8 $14) 21... Qxg3 $1 {With this nice Queen sac Black
grabs the initiative.} 22. fxg3 Bxe5 23. Rxe5 {Giving the exchange is forced,
in order to save the Knight c7.} Nxe5 24. Qd4 (24. Ba4 $142 Nc6 (24... b5 $2
25. Qd4 $16) 25. Bxc6 bxc6 26. Rxc6 d4 $13) 24... Nc6 25. Qb6 (25. Bh7+ Kxh7
26. Rxc6 bxc6 27. Qxa7 d4 $19) 25... Nd7 26. Qf2 Nde5 $13 27. Rd1 $2 (27. Qb6 {
White should have kept his Queen active and been ready for repetition, because
he is not better any longer.} d4 (27... Nc4 $2 28. Qc5 {[%csl Rd5]}) (27... Nd7
28. Qf2 $11) 28. Be4 $13) 27... d4 28. Bb3 b5 $17 29. Nd5 Be6 30. Nf4 Bg4 31.
Rc1 Rad7 32. Rc5 d3 33. Bd5 $2 (33. Qd2 $142 $17) 33... Nb4 34. Qd4 $2 Nec6 $19
35. Qe3 Nxd5 36. Rxd5 Rxd5 37. Nxd5 Be6 38. Nc3 d2 39. Qf3 Ne5 40. Qe2 f6 41.
b3 Bg4 42. Qe4 Rd3 43. Qa8+ Kh7 44. Qe4+ f5 0-1

[Event "USA-CHN Summit"]
[Site "Seattle"]
[Date "2001.03.18"]
[Round "4.10"]
[White "Ni, Hua"]
[Black "Nakamura, Hikaru"]
[Result "1-0"]
[WhiteElo "2534"]
[BlackElo "2364"]
[Annotator "Rogozenco,D"]
[PlyCount "93"]
[EventDate "2001.03.14"]
[EventType "team"]
[EventRounds "4"]
[EventCountry "USA"]
[SourceTitle "CBM 082"]
[Source "ChessBase"]
[SourceDate "2001.05.17"]
[SourceVersion "1"]
[SourceVersionDate "2001.05.17"]
[SourceQuality "1"]
[WhiteTeam "China"]
[BlackTeam "US of America"]
[WhiteTeamCountry "CHN"]
[BlackTeamCountry "USA"]

1. e4 c5 2. c3 Nf6 3. e5 Nd5 4. d4 cxd4 5. Nf3 Nc6 6. Bc4 Nb6 7. Bb3 d5 8. exd6
Qxd6 9. Na3 a6 10. O-O Be6 11. Bxe6 Qxe6 12. Nxd4 Nxd4 13. Qxd4 Rd8 14. Qh4 Qc6
(14... h5 $142 {[%cal Re6g4]} 15. h3 f6 16. Nc2 Qc4 17. Qxc4 Nxc4 18. b3 Nd6
19. c4 Nf5 $11 {1/2-1/2 Matsuura,E-Gonzalez,B/Brasilia 2000/ (36)}) 15. Nc2 (
15. Be3 e6 16. Qg3 Nd5 17. Bd4 Ne7 $1 18. Nc2 Nf5 19. Qg4 h5 20. Qh3 Rh6 $13 {
1-0 Matsuura,E-Andrade,R/Americana 2000/ (49)}) 15... e6 (15... e5 16. Re1 f6
17. Nd4 $36 {[%cal Rf2f4]}) 16. Nd4 Qc7 (16... Qc4 17. Qg3 $16) 17. Bg5 Be7 $2
(17... Rd5 18. Rae1 (18. Qh5 g6 (18... h6 $2 19. Nxe6 $18) 19. Qh4 Bg7 $11)
18... Bd6 $11 19. Nxe6 $140 $2 fxe6 20. Rxe6+ Kd7 $17) (17... Rd7 $6 18. Rae1
Be7 (18... Bd6 19. Nf5 O-O 20. Nxg7 $1 $18) 19. Nxe6 $5 fxe6 20. Rxe6 Nc8 21.
Qh5+ Kf8 (21... g6 22. Rxg6) 22. Rfe1 $36) 18. Nf5 $1 {[%mdl 64] Suddenly
White wins.} exf5 (18... Bxg5 19. Nxg7+ Kd7 20. Qxg5 {is also lost, of course.}
) 19. Bxe7 Rd7 20. Bf6 $1 {Very nice played by White.} gxf6 (20... O-O 21. Qg5
g6 22. Qh6 $18) 21. Rae1+ Re7 22. Qxf6 Rg8 23. Rxe7+ Qxe7 24. Qxb6 $18 {
After the forced line, White is a pawn up and has a winning position.} Qe4 25.
f3 Qe2 26. Qf2 Qxf2+ 27. Kxf2 {[%csl Rf5,Rh7] The endgame is hopeless.} Ke7 28.
Rd1 Rc8 29. Ke3 h6 30. Rd4 Rc6 31. Kf4 Kf6 32. g3 Ke6 33. Rd8 Rc4+ 34. Ke3 Rc6
35. Rh8 Ke5 36. f4+ Kd5 37. Re8 Rf6 38. Re5+ Kc6 39. c4 b6 40. b4 Kd7 41. Kd4
Kd8 42. a4 Kd7 43. a5 bxa5 44. Rxa5 Ke7 45. Re5+ Kd7 46. b5 axb5 47. cxb5 1-0

[Event "BCF-chT 0102 (4NCL)"]
[Site "Birmingham"]
[Date "2002.05.06"]
[Round "11.5"]
[White "Emms, John M"]
[Black "Gormally, Daniel"]
[Result "1/2-1/2"]
[WhiteElo "2537"]
[BlackElo "2514"]
[Annotator "Rogozenco,D"]
[PlyCount "36"]
[EventDate "2001.09.22"]
[EventType "team"]
[EventRounds "11"]
[EventCountry "ENG"]
[SourceTitle "CBM 089"]
[Source "ChessBase"]
[SourceDate "2002.08.12"]
[SourceVersion "1"]
[SourceVersionDate "2002.08.12"]
[SourceQuality "1"]
[WhiteTeam "Wood Green"]
[BlackTeam "Guildford"]
[WhiteTeamCountry "ENG"]
[BlackTeamCountry "ENG"]

1. e4 c5 2. c3 Nf6 3. e5 Nd5 4. Nf3 Nc6 5. d4 cxd4 6. cxd4 d6 7. Bc4 e6 8. O-O
Be7 9. exd6 {Immediately going for IQP position in which Black has some
problems finishing the queenside development. 9.a3 and 9.Qe2 are the
alternatives.} Qxd6 10. Nc3 O-O 11. Qe2 {Emms speciality.} (11. Re1) 11... Nb6
$5 {It is amazing that nobody played this natural move before. In the game
White sacrificed the pawn on d4 and got some pressure on Black's position.
Another way is to protect the pawn with 11.Nb5.} (11... a6 12. Rd1 b5 {Is a
safe way to reach equal position.}) 12. Bb3 (12. Bd3 Nxd4) (12. Nb5 $5 Qd8 13.
Bb3 Bf6 (13... a6 14. Nc3 Nxd4 15. Nxd4 Qxd4 16. Rd1 Qc5 17. Be3 {is similar
to the game with the difference that now Black's pawn is on a6 instead of a7.
Because of this factor Black cannot play 17. ... Qe5, but he has 17. ... Qa5.}
Qa5 18. Rac1 $44) 14. Bf4 (14. Rd1 $5) 14... Nd5 15. Be5 Bd7 16. Nd6 {with
some initiative.}) 12... Nxd4 13. Nxd4 Qxd4 14. Rd1 Qc5 (14... Qh4 15. Rd3 $5
$44) 15. Be3 Qe5 (15... Qa5 16. Qb5 $5 Qxb5 17. Nxb5 $36) 16. Rac1 Bg5 17. Bxg5
Qxg5 18. Ne4 Qe7 {The position is quite interesting and of course far from
drawish. White has different ways to develop the initiative, but probably at
one point Black will return the pawn and equalize completely.} (18... Qe7 19.
Qh5 (19. Nd6 $5) (19. Rd3 $5) 19... h6 20. Rd3 Bd7 21. Rg3 Kh8 {/\22. ... Rac8
and in case of need f7-f6 in order to protect g7. White has compensation for
the pawn, but hardly more than that.}) 1/2-1/2